000 03332nam a22003257a 4500
001 TICS 006
003 gtcocun
005 20251003155211.0
006 a||||gr|||| 00| 0
007 ta
008 251003b2023 gt ||||| m||| 00| 0 eng d
040 _agtcocun
_bSPA
_cgtcocun
_eRDA
041 _aSPA TICS 006
084 _0TICS 006
100 _aRequena Ligorria, Luis Flavio
_eAutor
245 _aDESARROLLO DE PROTOTIPO PARA LA SISTEMATIZACIÓN DEL PROCESO DE GESTIÓN DE LICENCIAS DE CONSTRUCCIÓN PARA LA MUNICIPALIDAD DE COBÁN, ALTA VERAPAZ/
_cLuis Flavio Requena Ligorria.
_hImpreso
264 _aCobán, Alta Verapaz:
_bUniversidad de San Carlos de Guatemala, Centro Universitario del Norte, Carrera Ingeniería en Ciencias y Sistemas
_c2023
300 _a273 p.:
_bIlustraciones, gráficas.
_c28 cm;
336 _2rdacontenido
_aTexto
_btxt
337 _2rdamedio
_aComputadora
_bn
338 _2rdasoporte
_aCódigo en línea
_bcr
502 _eTICS 006
502 _aTesis de grado
_bCarrera Ingeniería en Ciencias y Sistemas,
_cUniversidad de San Carlos de Guatemala, Centro Universitario del Norte, Carrera Ingeniería en Ciencias y Sistemas
_d2023
_oTICS 006
520 1 4 _a La actual gestión de licencias de construcción en la municipalidad de Cobán, Alta Verapaz, sigue un procedimiento tradicional arraigado en métodos manuales, una práctica que hoy en día, se muestra ineficaz y costosa. Este enfoque depende en gran medida de documentos físicos y la intervención de terceros, lo que conlleva una pérdida significativa de tiempo y recursos. El proyecto busca transformar este proceso mediante la creación de un prototipo que sistematice estas operaciones, lo cual apunta a una gestión más ágil y productiva. La metodología se apoya en la construcción de un modelo robusto, con el uso de tecnologías innovadoras como Java Spring Boot, Angular y PostgreSQL, sustentadas por una arquitectura de tres capas. Esto no solo garantiza un funcionamiento eficiente, sino que también prepara el camino para futuras expansiones y mejoras. El desarrollo del prototipo representa un hito al materializar la visión de una gestión optimizada y eficiente. Introduce tecnologías modernas y adopta metodologías ágiles, lo cual da como resultado una experiencia fluida y accesible para los usuarios. Los resultados de las pruebas rigurosas respaldan la efectividad del sistema. La disponibilidad de reportes en tiempo real y la digitalización de procesos contribuyen a una toma de decisiones más informada y ágil. Por último, el proyecto no solo aborda la problemática de la gestión de licencias de construcción, sino que también establece un valioso precedente para la modernización municipal. La integración de tecnología no solo impulsa la eficiencia, sino que también fija un estándar para futuras iniciativas de modernización en el ámbito municipal.
650 _2LEMB
_aCobán, Alta Verapaz
_xIngeniería en Ciencias y Sistemas
_xLicencias
_xConstrucción
_xSistematización
_xDesarrollo
_xEficiencia
_xOptimización
700 _aLuis Favio Requena Ligorria
_eAsesor
856 _uhttps://drive.google.com/file/d/1xT4zTdPyZJDI__d4sI3x0OFHFYHvVMNE/view
_yPDF
_zUn ejemplar en línea.
942 _2ddc
_cTES
_iTICS 006
_kClasificación
_n0
_6TICS_006_000000000000000
999 _c2214
_d2214